अपने घर में / (Record no. 120591)

MARC details
000 -LEADER
fixed length control field 01019nam a22002537a 4500
005 - DATE AND TIME OF LATEST TRANSACTION
control field 20170124103200.0
010 ## - LIBRARY OF CONGRESS CONTROL NUMBER
LC control number A-404536
020 ## - INTERNATIONAL STANDARD BOOK NUMBER
Terms of availability 22.00
035 ## - SYSTEM CONTROL NUMBER
System control number A-404536
037 ## - SOURCE OF ACQUISITION
Source of stock number/acquisition Cen Lib/Ret
040 ## - CATALOGING SOURCE
Original cataloging agency DPL
Language of cataloging HN
082 ## - DEWEY DECIMAL CLASSIFICATION NUMBER
Classification number 181.492
Item number महाप्र
100 ## - MAIN ENTRY--PERSONAL NAME
Personal name महाप्रज्ञ
9 (RLIN) 91446
245 ## - TITLE STATEMENT
Title अपने घर में /
Statement of responsibility, etc महाप्रज्ञ
246 ## - VARYING FORM OF TITLE
Title proper/short title Apne ghar me
Remainder of title by Mahapragy
260 ## - PUBLICATION, DISTRIBUTION, ETC. (IMPRINT)
Place of publication, distribution, etc राजस्थान
Name of publisher, distributor, etc आदर्श साहित्य संघ प्रकाशन
Date of publication, distribution, etc 1988
270 ## - ADDRESS
Address चुरू
City राजस्थान
300 ## - PHYSICAL DESCRIPTION
Extent 248पृष्ठ.
Dimensions 20सेमी(सजिल्द)
650 ## - SUBJECT ADDED ENTRY--TOPICAL TERM
Topical term or geographic name as entry element दर्शन शास्त्र
9 (RLIN) 91447
650 ## - SUBJECT ADDED ENTRY--TOPICAL TERM
Topical term or geographic name as entry element जैन दर्शन - दार्शनिक दृष्टिकोण
9 (RLIN) 91448
650 ## - SUBJECT ADDED ENTRY--TOPICAL TERM
Topical term or geographic name as entry element Philosophy
9 (RLIN) 91449
650 ## - SUBJECT ADDED ENTRY--TOPICAL TERM
Topical term or geographic name as entry element Jain philosophy - philosophical approach
9 (RLIN) 91450
942 ## - ADDED ENTRY ELEMENTS (KOHA)
Source of classification or shelving scheme Dewey Decimal Classification
Koha item type Hindi Books
Classification part 181.492
Call number suffix महाप्र
Holdings
Withdrawn status Lost status Damaged status Not for loan Home library Current library Date acquired Source of acquisition Cost, normal purchase price Total Checkouts Full call number Barcode Date last seen Date checked out Copy number Cost, replacement price Price effective from Koha item type
        Central Library Central Library 23/09/2015 Cen Lib/Ret 22.00 4 181.492 महाप्र A-404536 26/04/2018 20/04/2018 1 22.00 23/09/2015 Hindi Books

© Delhi Public Library
Hit Counter
free hit counter